Spoľahlivosť a istota pri ošetrovaní porastov hustosiatych obilnín

Bibliographic Details
Main Author: Šipek, Jozef (Author)
Format: Article
Language:Slovak
PhysicalDescription:Tab.
Subjects:

MARC

LEADER 00000nab a2200000 a 4500
001 vtls000648886
003 SK-MaSNL
005 20260304233946.0
008 180206c1998 xo 0 slo
015 |a SNBRA1998/01-01705 
035 |a CLN000001081 
040 |a SNKBUCL  |b slo  |c SNKBUCL  |e AACR2 
041 0 |a slo 
044 |a xo  |c SK 
080 |a 633.1:632.954  |2 UDC-MRF-SK2 
080 |a 632.954:633.1  |2 UDC-MRF-SK2 
100 1 |a Šipek, Jozef  |4 aut  |9 523747 
245 1 0 |a Spoľahlivosť a istota pri ošetrovaní porastov hustosiatych obilnín  |c Jozef Šipek 
300 |b Tab. 
650 0 7 |a obilniny  |2 snkbucl  |9 19007 
650 0 7 |a herbicídy  |2 snkbucl  |9 14852 
655 7 |a články z novín a časopisov  |2 snkbucl  |9 267496 
773 0 |t Roľnícke noviny  |g Č. 9 (15.1.1998) 
773 0 |t [Príl.] Agrokonzult  |g S. 1-2 
850 |a Slovenská národná knižnica v Martine 
852 |a SNK  |b KIS3GCP 
958 |a RBX  |x rozpis článkov z periodík 
999 |c 3201208  |d 3203138